Kepelbagaian biologi dan pengurusan Taman Negeri Perlis : Persekitaran fizikal dan biologi Wang Kelian

Bibliographic Details
Corporate Author: Malaysia
Other Authors: A. Latiff, Faridah Hanun, Kasim Osman
Format: Book
Published: Kangar, Perlis : Jabatan Perhutanan Negeri Perlis , 2001
Subjects:

MARC

LEADER 00000cam a2200000 7i4500
001 0000003220
005 20050317.0
020 0 0 |a 9834065302 
090 0 0 |a 333.9516   |b KEP 
245 0 0 |a Kepelbagaian biologi dan pengurusan Taman Negeri Perlis :   |b Persekitaran fizikal dan biologi Wang Kelian   |c Disunting oleh Faridah Hanun, Kasim Osman, A. Latiff 
260 0 0 |a Kangar, Perlis :   |b Jabatan Perhutanan Negeri Perlis ,   |c 2001 
300 |a 292 p. :   |b ill., maps ;   |c 26 cm. 
500 0 0 |a Includes bibliographical references 
650 0 0 |a Biological diversity conservation   |z Perlis 
650 0 0 |a Biological diversity   |z Perlis 
700 0 1 |a A. Latiff 
700 0 1 |a Faridah Hanun 
700 0 1 |a Kasim Osman 
710 1 1 |a Malaysia ,   |c Jabatan Perhutanan Negeri Perlis 
710 1 1 |a Malaysia ,   |c Taman Negeri Perlis 
998 |a JPSM 
999 |a 0000006164   |b Monograph   |c Open Shelf   |e Default branch 
999 |a 0000006165   |b Monograph   |c Open Shelf   |e Default branch 
999 |a 0000006166   |b Monograph   |c Open Shelf   |e Default branch